000 00637cam a22002293a 4500
001 7474
003 PGUSA
005 20140828083145.0
008 050201s2005||||xxu|||||s|||||000 | eng d
040 _aPGUSA
_beng
042 _adc
050 4 _aDS
100 1 _aHogarth, D. G.
_q(David George),
_d1862-1927
245 1 4 _aThe Ancient East
_h[electronic resource] /
_cD. G. Hogarth
260 _bProject Gutenberg,
_c2005
506 _aPublic domain in the USA.
516 _aElectronic text
653 _aMiddle East -- History
830 0 _aProject Gutenberg
_v7474
856 4 0 _uhttp://www.gutenberg.org/ebooks/7474
942 _cEB
999 _c236794
_d236794